|
|
|
|
| LEADER |
00954naa a2200229 i 4500 |
| 001 |
acta59562 |
| 005 |
20230619085320.0 |
| 008 |
191003s1998 hu o 1|| eng d |
| 040 |
|
|
|a SZTE Egyetemi Kiadványok Repozitórium
|b hun
|
| 041 |
|
|
|a eng
|
| 100 |
1 |
|
|a Szabó Péter Gábor
|
| 245 |
1 |
0 |
|a Packing of equal circles in a square
|h [elektronikus dokumentum] :
|b [abstract] /
|c Szabó Péter Gábor
|
| 260 |
|
|
|a University of Szeged
|b Szeged
|c 1998
|
| 300 |
|
|
|a 95-97
|
| 490 |
0 |
|
|a Conference of PhD Students in Computer Science
|v 1
|
| 650 |
|
4 |
|a Természettudományok
|
| 650 |
|
4 |
|a Matematika
|
| 650 |
|
4 |
|a Számítás- és információtudomány
|
| 695 |
|
|
|a Számítástechnika - előadáskivonat, Matematika - előadáskivonat
|
| 700 |
0 |
1 |
|a Casado Leocadio Gonzalez
|e aut
|
| 711 |
|
|
|a Conference of PhD students in computer science (1.)
|c Szeged
|d 1998. július 18-22.
|
| 856 |
4 |
0 |
|u http://acta.bibl.u-szeged.hu/59562/1/cscs_1998_095-097.pdf
|z Dokumentum-elérés
|